000 00546nam a22001817a 4500
005 20251108172951.0
008 250721s2003 xx 000 0 ara d
082 1 4 _a155.455/مغا
100 1 _aالمغازي، إبراهيم محمد
245 1 0 _aكبف تكتشف موهبة طفلك /
264 1 _aالمنصورة :
_bمكتبة جزيرة الورد،
_c2003.
300 _a111 ص.
650 1 7 _aعلم النفس
650 1 7 _aسيكولوجية الطفولة
650 1 7 _aالموهبة
942 _2ddc
_cBK
999 _c92980
_d92980